000 00431pab a2200169 454500
008 180718b2011 xxu||||| |||| 00| 0 eng d
100 _aBellinger, Paul T., Jr.
245 _aProtest and democracy in Latin America's market era
260 _c2011
300 _ap.688-704.
362 _aSep
650 _aProtest movements
700 _aArce, Moises
773 _aPolitical Research Quarterly
908 _aN
909 _a93960
999 _c93960
_d93960